Stuart Little / (Record no. 267)

MARC details
000 -LEADER
fixed length control field 01138nam a22003017a 4500
001 - CONTROL NUMBER
control field 267
003 - CONTROL NUMBER IDENTIFIER
control field FISKH
005 - DATE AND TIME OF LATEST TRANSACTION
control field 20230313152149.0
008 - FIXED-LENGTH DATA ELEMENTS--GENERAL INFORMATION
fixed length control field 230313b cb ||||| |||| 00| 0 eng d
040 ## - CATALOGING SOURCE
Original cataloging agency DLC
Transcribing agency DLC
Modifying agency DLC
-- FISKH
Language of cataloging eng
042 ## - AUTHENTICATION CODE
Authentication code lcac
050 00 - LIBRARY OF CONGRESS CALL NUMBER
Classification number PZ7.W58277
Item number St7
082 00 - DEWEY DECIMAL CLASSIFICATION NUMBER
Classification number 813.52
100 1# - MAIN ENTRY--PERSONAL NAME
Personal name White, E. B.
Fuller form of name (Elwyn Brooks),
Dates associated with a name 1899-1985.
245 10 - TITLE STATEMENT
Title Stuart Little /
Statement of responsibility, etc. E. B. White ; pictures by Garth Williams.
260 ## - PUBLICATION, DISTRIBUTION, ETC.
Place of publication, distribution, etc. New York :
Name of publisher, distributor, etc. Scholastic
Date of publication, distribution, etc. 1987
300 ## - PHYSICAL DESCRIPTION
Extent 131 p. :
Other physical details ill. ;
Dimensions 20 cm.
505 ## - FORMATTED CONTENTS NOTE
Formatted contents note Q
520 ## - SUMMARY, ETC.
Summary, etc. The adventures of the debonair mouse Stuart Little as he sets out in the world to seek out his dearest friend, a little bird who stayed a few days in his family's garden.
521 8# - TARGET AUDIENCE NOTE
Target audience note 920 <br/>
Source Lexile
521 8# - TARGET AUDIENCE NOTE
Target audience note Q <br/>
Source Raz-Plus
650 #1 - SUBJECT ADDED ENTRY--TOPICAL TERM
Topical term or geographic name entry element Mice
General subdivision Fiction.
700 1# - ADDED ENTRY--PERSONAL NAME
Personal name Williams, Garth,
Relator term ill.
856 42 - ELECTRONIC LOCATION AND ACCESS
Materials specified Publisher description
Uniform Resource Identifier <a href="http://www.loc.gov/catdir/description/hc043/75309606.html">http://www.loc.gov/catdir/description/hc043/75309606.html</a>
856 42 - ELECTRONIC LOCATION AND ACCESS
Materials specified Contributor biographical information
Uniform Resource Identifier <a href="http://www.loc.gov/catdir/enhancements/fy0911/75309606-b.html">http://www.loc.gov/catdir/enhancements/fy0911/75309606-b.html</a>
906 ## - LOCAL DATA ELEMENT F, LDF (RLIN)
a 7
b cbc
c orignew
d 2
e ncip
f 19
g y-gencatlg
942 ## - ADDED ENTRY ELEMENTS (KOHA)
Source of classification or shelving scheme Dewey Decimal Classification
Koha item type Books
Suppress in OPAC No
Holdings
Withdrawn status Lost status Source of classification or shelving scheme Damaged status Not for loan Collection Home library Current library Shelving location Date acquired Total Checkouts Full call number Barcode Date last seen Date last checked out Copy number Price effective from Koha item type
    Dewey Decimal Classification     Fiction Footprints International School Library Network Toul Kork Campus Footprints International School Library Network Toul Kork Campus A TK Campus, 4th Floor, Room B401, Fiction Bookcases (1-6) 03/13/2023 1 WIL 813.52 PZ7.W58277 FISTK05356 12/16/2025 10/31/2025 1 03/13/2023 Books
    Dewey Decimal Classification     Fiction Footprints International School Library Network Toul Kork Campus Footprints International School Library Network Toul Kork Campus A TK Campus, 4th Floor, Room B401, Fiction Bookcases (1-6) 03/13/2023 1 WIL 813.52 PZ7.W58277 FISTK04897 12/16/2025 10/31/2025 2 03/13/2023 Books
    Dewey Decimal Classification     Juvenile Fiction Footprints International School Library Network Toul Kork Campus Footprints International School Library Network Toul Kork Campus TTP Secondary Fiction Bookshelves 01/11/2024   WIL 813.52 PZ7.W58277 FISSE01120 01/11/2024   3 03/13/2023 Books
    Dewey Decimal Classification     Juvenile Fiction Footprints International School Library Network Toul Kork Campus Footprints International School Library Network Toul Kork Campus TTP Secondary Fiction Bookshelves 01/16/2024   WIL 813.52 PZ7.W58277 FIS00846 01/16/2024   4 03/13/2023 Books